Breves apuntes sobre el Dr. Antonio de Gordon y de Acosta / (Record no. 81561)

MARC details
000 -LEADER
campo de control de longitud fija 00526nam a2200169 i 4500
001 - NÚMERO DE CONTROL
campo de control 81561
003 - IDENTIFICADOR DE NÚMERO DE CONTROL
campo de control ES-MaACL
005 - FECHA Y HORA DE LA ÚLTIMA TRANSACCIÓN
campo de control 20230906174449.0
007 - CAMPO FIJO DE DESCRIPCIÓN FÍSICA--INFORMACIÓN GENERAL
campo de control de longitud fija t|
008 - DATOS DE LONGITUD FIJA--INFORMACIÓN GENERAL
campo de control de longitud fija 041105s1917 cu ||||1| spa d
100 1# - ENTRADA PRINCIPAL--NOMBRE DE PERSONA
Nombre de persona Huguet y López, Luis.
9 (RLIN) 64655
245 10 - MENCIÓN DEL TÍTULO
Título Breves apuntes sobre el Dr. Antonio de Gordon y de Acosta /
Mención de responsabilidad, etc. Luis Huguet y López.
260 ## - PUBLICACIÓN, DISTRIBUCIÓN, ETC.
Lugar de publicación, distribución, etc. La Habana :
Nombre del editor, distribuidor, etc. [s.n.],
Fecha de publicación, distribución, etc. 1917 (
Fabricante Imp. El Siglo XX)
300 ## - DESCRIPCIÓN FÍSICA
Extensión 7 p. ;
Dimensiones 26 cm.
600 14 - PUNTO DE ACCESO ADICIONAL DE MATERIA--NOMBRE DE PERSONA
Nombre de persona Gordon y de Acosta, Antonio de.
9 (RLIN) 127475
852 ## - LOCALIZACIÓN
Ubicación ES-MaACL
Número de control de estantería 1540-F-5
Holdings
Estatus retirado Estado de pérdida Estado de daño No para préstamo Colección Biblioteca de origen Biblioteca actual Ubicación en estantería Fecha de adquisición Fuente de adquisición Total de préstamos Signatura topográfica completa Código de barras Visto por última vez Precio de reemplazo Tipo de ítem Koha
        Colección de folletos Biblioteca del Ateneo de Madrid Biblioteca del Ateneo de Madrid Depósito folletos 17/01/2008     1540-F-5 1085256 23/02/2023 23/02/2023 Folleto